[Event "DSV-Turnier"]
[Site "Leipzig"]
[Date "1986.??.??"]
[Round "7"]
[White "Hazai, Laszlo"]
[Black "Suetin, Alexey S"]
[Result "1-0"]
[WhiteElo "2480"]
[BlackElo "2400"]

1.e4 c5 2.Nf3 e6 3.d4 cxd4 4.Nxd4 Nc6 5.Nc3 a6 6.Nxc6 bxc6 7.Bd3 d5 8.O-O Nf6
9.Re1 Bb7 10.Bg5 Be7 11.e5 Nd7 12.Bxe7 Qxe7 13.Qg4 O-O 14.Na4 f5 15.exf6 Rxf6
16.c4 Raf8 17.Rac1 Qd6 18.c5 Qe7 19.f4 Bc8 20.b3 h6 21.Qe2 a5 22.Bb1 e5 23.fxe5 Nxe5
24.Bd3 Re6 25.Qd2 Qh4 26.Bf1 Rfe8 27.Nb6 Bb7 28.Red1 Ng4 29.Qf4 Qh5 30.Rd4 Ne3
31.Bd3 Rf6 32.Qh4 Qf7 33.h3 Nf5 34.Bxf5 Rxf5 35.Re1 Ba6 36.Rxe8+ Qxe8 37.Rd1 Qe3+
38.Kh2 Qxc5 39.Na4 Qd6+ 40.Qg3 Qf6 41.Nc5 Bf1 42.Re1 Qf7 43.Qb8+ Kh7 44.Re8 Rg5
45.Rh8+ Kg6 46.Rf8 Rxg2+ 47.Kh1 Qe7 48.Rxf1 Rg5 49.Qf8 Qe3 50.Qf3 Rg1+ 51.Rxg1+  1-0

[Event "Leningrad tt"]
[Site "Leningrad"]
[Date "1986.??.??"]
[Round "?"]
[White "Balashov, Yuri S"]
[Black "Taimanov, Mark E"]
[Result "1/2-1/2"]
[WhiteElo "2515"]
[BlackElo "2500"]

1.e4 c5 2.Nf3 Nc6 3.d4 cxd4 4.Nxd4 e6 5.Nc3 a6 6.Be2 Qc7 7.f4 b5 8.Nxc6 Qxc6
9.Bf3 Bb7 10.Be3 Rc8 11.a3 Qc4 12.Qd4 Qxd4 13.Bxd4 Ne7 14.O-O-O Nc6 15.Bb6 d6
16.Rd2 g5 17.fxg5 Ne5 18.Bd4 h6 19.g6 fxg6 20.Bg4 Ke7 21.Bxe5 dxe5 22.Rhd1 Rc7
23.Rd6 Bc8 24.Na2 h5 25.Be2 Rd7 26.Rxd7+ Bxd7 27.Nb4 a5 28.Nd3 Bg7 29.b4 axb4
30.axb4 Bc6 31.Bf3 g5 32.h3 g4 33.hxg4 hxg4 34.Bxg4 Bxe4 35.Bf3 Bxf3 36.gxf3 Rf8
37.Rg1 Bh6+ 38.Kd1 Rxf3 39.Nxe5 Rf5 40.Nd3  1/2-1/2

[Event "Minsk Int"]
[Site "Minsk"]
[Date "1986.??.??"]
[Round "?"]
[White "Kupreichik, Viktor D"]
[Black "Paunovic, Dragan"]
[Result "1-0"]
[WhiteElo "2490"]
[BlackElo "2425"]

1.e4 c5 2.Nf3 e6 3.Nc3 Nc6 4.d4 cxd4 5.Nxd4 a6 6.Be2 Qc7 7.f4 b5 8.Nxc6 Qxc6
9.Bf3 Bb7 10.Be3 Bb4 11.Bd4 Nf6 12.Bxf6 gxf6 13.Qd4 Bxc3+ 14.bxc3 Rc8 15.Kd2 Rg8
16.a4 Qc7 17.g3 e5 18.Qd3 exf4 19.axb5 axb5 20.Ra7 Qb6 21.Qd4 Rc6 22.e5 Qxd4+
23.cxd4 Rxc2+ 24.Kxc2 Bxf3 25.Re1 f5 26.Ra3 Bc6 27.Kd2 fxg3 28.Rxg3 Rg4 29.Rxg4 fxg4
30.Rf1 Bf3 31.Rc1 Ke7 32.Rc5 b4 33.Rb5 f6 34.Ke3 fxe5 35.Rxe5+ Kf6 36.Rb5 b3
37.Rxb3 Kg5 38.Rb6 d5 39.Re6 h5 40.Re5+ Kh4 41.Kf4 Bg2 42.Rf5 Be4 43.Rg5 Bg2
44.Kf5 Be4+ 45.Kf6 Bf3 46.Kg6 Kh3 47.Rxh5+ Kg2 48.Kg5 Kf2 49.Kf4 Ke2 50.h4 Kd3
51.Rg5 Kxd4 52.h5 Be4 53.h6 Bb1 54.Rxg4  1-0

[Event "DDR-ch 35th"]
[Site "Nordhausen"]
[Date "1986.??.??"]
[Round "?"]
[White "Enders, Peter"]
[Black "Vogt, Lothar"]
[Result "1-0"]
[WhiteElo "2315"]
[BlackElo "2460"]

1.e4 c5 2.Nf3 e6 3.d4 cxd4 4.Nxd4 Nc6 5.Nc3 d6 6.Bc4 Nf6 7.Bb3 Be7 8.Be3 a6
9.f4 O-O 10.Qf3 Na5 11.O-O-O Nxb3+ 12.axb3 Qa5 13.Kb1 Qh5 14.Qf2 d5 15.e5 Ne4
16.Nxe4 dxe4 17.Ne2 f5 18.exf6 Bxf6 19.Ng3 Qg6 20.Rhe1 Bh4 21.Bc5 Re8 22.Rd4 b6
23.Bxb6 Bb7 24.Rd7 Bc6 25.Rc7 Rec8 26.Qc5 Rxc7 27.Bxc7 Bd5 28.c4 Bxg3 29.hxg3 e3+
30.Ka2 Bxg2 31.Rxe3 Bh3 32.Qc6 Qe8 33.Qxe8+ Rxe8 34.Rd3 Re7 35.Be5 Bg2 36.Rd6 Bb7
37.Rd8+ Kf7 38.Bd6  1-0

[Event "Novi Sad"]
[Site "Novi Sad"]
[Date "1986.??.??"]
[Round "20"]
[White "Smagin, Sergey"]
[Black "Rajkovic, Dusan"]
[Result "1/2-1/2"]
[WhiteElo "2495"]
[BlackElo "2410"]

1.e4 c5 2.Nf3 e6 3.d4 cxd4 4.Nxd4 Nc6 5.Nc3 Qc7 6.Be2 a6 7.O-O Nf6 8.Kh1 Be7
9.f4 d6 10.Be3 O-O 11.a4 Re8 12.Bd3 Nxd4 13.Bxd4 e5 14.Bg1 Be6 15.f5 Bc4
16.Qe2 Rac8 17.Rfd1 d5 18.exd5  1/2-1/2

[Event "Novi Sad"]
[Site "Novi Sad"]
[Date "1986.??.??"]
[Round "59"]
[White "Petrovic, Vojislav"]
[Black "Rajkovic, Dusan"]
[Result "0-1"]
[WhiteElo "2330"]
[BlackElo "2410"]

1.e4 c5 2.Nf3 e6 3.d4 cxd4 4.Nxd4 Nc6 5.Nc3 Qc7 6.Be2 a6 7.O-O Nf6 8.Be3 Bb4
9.Na4 Bd6 10.Nxc6 bxc6 11.Nb6 Rb8 12.Nxc8 Rxc8 13.h3 Rb8 14.Rb1 Nxe4 15.Bxa6 Nf6
16.Bd3 O-O 17.c4 Bh2+ 18.Kh1 Bf4 19.Bc5 d6 20.Ba3 c5 21.b4 Be5 22.bxc5 dxc5
23.Rb5 Bd4 24.Qc2 h6 25.Bc1 Ne8 26.Qe2 Nf6 27.a4 Rfd8 28.Qf3 Rxb5 29.axb5 Qa5
30.Bf4 e5 31.Bc1 Qc3 32.Kg1 Kf8 33.Be2 Qc2 34.b6 e4 35.Qg3 Qxe2 36.b7 Nd7
37.Qd6+ Ke8 38.Bf4 Qxc4 39.Re1 Qe6 40.Qxe6+ fxe6 41.Rxe4 Kf7  0-1

[Event "NZD-ch"]
[Site "?"]
[Date "1986.??.??"]
[Round "?"]
[White "Smith, Robert W"]
[Black "Stuart, Peter"]
[Result "1-0"]
[WhiteElo "2280"]
[BlackElo "2225"]

1.e4 c5 2.Nf3 e6 3.d4 cxd4 4.Nxd4 Nc6 5.Nc3 Qc7 6.Be3 a6 7.Bd3 Nf6 8.O-O Ne5
9.Nf3 d6 10.a4 b6 11.h3 Bb7 12.Qe2 Be7 13.Kh1 O-O 14.Nxe5 dxe5 15.f4 exf4
16.Bxf4 e5 17.Bg5 Ne8 18.Qh5 Bxg5 19.Qxg5 f6 20.Qh5 Nd6 21.Qe2 Qc5 22.Ra3 Rfb8
23.Rb3 Re8 24.Qf2 Qxf2 25.Rxf2 Nc8 26.Rd2 Kf8 27.Be2 Ke7 28.Bg4 Rd8 29.Rxd8 Kxd8
30.Bxc8 Rxc8 31.Rxb6 Kc7 32.a5 Rd8 33.Nd5+ Bxd5 34.exd5 Rxd5 35.Rxa6 Rd2
36.Ra7+ Kd6 37.Rxg7 Rxc2 38.Rb7 h5 39.a6 Rc1+ 40.Kh2 Ra1 41.Rb6+ Kc5 42.Rxf6 e4
43.Kg3 e3 44.a7 Kd4 45.Kf3 Rxa7 46.Rd6+ Ke5 47.Rd3 Rb7 48.Rxe3+ Kf5 49.b3 h4
50.Rc3 Rb8 51.Rc5+ Kf6 52.Rc3 Kf5 53.Kf2 Rb7 54.Rc5+ Kf6 55.Rc4 Rxb3 56.Rxh4 Kg5
57.Rc4 Ra3 58.Re4 Rb3 59.Re3 Rb5 60.Kg3 Ra5 61.Rb3 Rc5 62.h4+ Kh5 63.Kh3 Rc6
64.Rb5+ Kh6 65.h5 Ra6 66.Kh4 Ra7 67.g4 Kh7 68.Rb6 Ra1 69.Rb7+ Kh8 70.h6 Rh1+
71.Kg5 Ra1 72.Kh5 Ra8 73.g5 Kg8 74.g6 Ra5+ 75.Kg4 Ra8 76.Kf5 Rf8+ 77.Ke6 Re8+
78.Kd7  1-0

[Event "Oakham YM"]
[Site "Oakham"]
[Date "1986.??.??"]
[Round "2"]
[White "Thomas, Ian"]
[Black "Conquest, Stuart"]
[Result "1/2-1/2"]
[WhiteElo "2325"]
[BlackElo "2400"]

1.e4 c5 2.Nf3 e6 3.d4 cxd4 4.Nxd4 Nc6 5.Nc3 a6 6.f4 Qc7 7.Be3 Bb4 8.Bd3 Nf6
9.Qf3 d6 10.Ne2 Na5 11.Qg3 O-O 12.Bd4 Ne8 13.a3 Bc5 14.Bxc5 dxc5 15.e5 Kh8
16.Qe3 Qe7 17.O-O Nc7 18.Rf3 Nd5 19.Qf2 b6 20.Rh3 f5 21.exf6 Nxf6 22.Ne4 h6
23.c4 e5 24.Nxf6 Qxf6 25.Rf3 e4 26.Bxe4 Bb7 27.Bxb7 Qxb2 28.Rd1 Nxb7 29.f5 Rad8
30.Rxd8 Rxd8 31.Qe3 Rd1+ 32.Kf2 Qf6 33.Nc3 Qh4+ 34.Rg3 Rd8 35.Qe5 Qd4+ 36.Qxd4 Rxd4
37.Nd5 Nd6 38.Rg6 Nxc4 39.Nxb6 Nxa3 40.Kf3 Nc2 41.Rc6 Ne1+ 42.Ke2 Nxg2 43.Rxc5 Kg8
44.Ra5 Kf7 45.Rxa6 Kf6 46.Ra5 Nh4 47.Ke3 Rd6 48.Nc4 Rc6 49.Ne5 Nxf5+ 50.Kf4 g5+
51.Kg4 Rd6 52.Nd7+ Rxd7 53.Rxf5+ Kg6 54.Ra5  1/2-1/2

[Event "Oslo"]
[Site "Oslo"]
[Date "1986.??.??"]
[Round "?"]
[White "Tisdall, Jonathan D"]
[Black "Helmers, Knut J"]
[Result "1-0"]
[WhiteElo "2455"]
[BlackElo "2455"]

1.e4 c5 2.Nf3 e6 3.d4 cxd4 4.Nxd4 Nc6 5.Nc3 a6 6.Be2 d6 7.Be3 Nf6 8.f4 Be7
9.Qd2 O-O 10.O-O-O Bd7 11.g4 b5 12.g5 Ne8 13.Bd3 Nxd4 14.Bxd4 Nc7 15.e5 d5
16.Rhg1 b4 17.Bxh7+ Kxh7 18.Qd3+ Kg8 19.Rg4 f5 20.gxf6 Bxf6 21.exf6 Rxf6
22.Rxg7+ Kxg7 23.Rg1+ Kf7 24.Qh7+ Ke8 25.Rg8+ Rf8 26.Qg6+ Ke7 27.Bc5+  1-0

[Event "Philadelphia"]
[Site "Philadelphia"]
[Date "1986.??.??"]
[Round "?"]
[White "Dehmelt, Karl"]
[Black "Frias, Victor J"]
[Result "1-0"]
[WhiteElo "2355"]
[BlackElo "2440"]

1.e4 c5 2.Nf3 e6 3.d4 cxd4 4.Nxd4 Nc6 5.Nc3 d6 6.g3 a6 7.Bg2 Bd7 8.O-O Nf6
9.Kh1 Be7 10.f4 Qc7 11.Nb3 b5 12.Be3 O-O 13.a3 Rab8 14.Qe2 Rfd8 15.g4 Be8
16.g5 Nd7 17.Nd4 Nb6 18.Nxc6 Bxc6 19.f5 Nc4 20.f6 Bf8 21.Bc1 g6 22.b3 Ne5
23.Bf4 a5 24.Qf2 b4 25.axb4 axb4 26.Ne2 Bb5 27.Rfc1 Ra8 28.Rxa8 Rxa8 29.Nd4 Bd7
30.Qd2 Qb7 31.h3 h6 32.gxh6 Kh7 33.Rd1 Be8 34.h4 Rc8 35.h5 gxh5 36.Nf3 Rc5
37.Be3 Rc3 38.Nxe5 dxe5 39.Bf3 Qc8 40.Rc1 Bc6 41.Rg1 Bxh6 42.Bxh6 Rxf3 43.Rg7+ Kh8
44.Qg2 Rh3+ 45.Kg1  1-0

[Event "Plovdiv"]
[Site "Plovdiv"]
[Date "1986.??.??"]
[Round "?"]
[White "Tringov, Georgi P"]
[Black "Kurtenkov, Atanas"]
[Result "1-0"]
[WhiteElo "2475"]
[BlackElo "2455"]

1.e4 c5 2.Nf3 e6 3.d4 cxd4 4.Nxd4 Nc6 5.Nc3 Qc7 6.g3 a6 7.Bg2 d6 8.O-O Bd7
9.Re1 Be7 10.Nxc6 Bxc6 11.a4 b6 12.Qg4 h5 13.Qe2 h4 14.Qg4 hxg3 15.hxg3 Kf8
16.Qe2 Nf6 17.Bg5 Bb7 18.Rad1 Nd7 19.Bxe7+ Kxe7 20.Rd4 Ne5 21.Red1 Rad8 22.f4 Qc5
23.Nd5+ exd5 24.exd5 f6 25.fxe5 dxe5 26.d6+ Rxd6 27.b4 Qxd4+ 28.Rxd4 Rxd4
29.Bxb7 Rxb4 30.Qxa6 Rd8 31.Bg2 Rb2 32.Qe2 Rd4 33.Bc6 Kd6 34.Bb5 g5 35.Bd3 Rxa4
36.Qf3 Ra1+ 37.Kf2 Ke7 38.Qb7+ Ke6 39.Qc8+ Kd6 40.Qf8+ Ke6 41.g4 b5 42.Bf5+ Kd5
43.Qxf6 Rbb1 44.Qe6+ Kd4 45.Qd6+ Kc3 46.Qc5+ Kb2 47.Qxb5+ Kc1 48.Qxe5 Ra4
49.Qe3+  1-0

[Event "POL-ch+"]
[Site "?"]
[Date "1986.??.??"]
[Round "4"]
[White "Sznapik, Aleksander"]
[Black "Tomaszewski, Roman"]
[Result "1-0"]
[WhiteElo "2425"]
[BlackElo "2390"]

1.e4 c5 2.Nf3 e6 3.d4 cxd4 4.Nxd4 Nc6 5.Nc3 Qc7 6.Be3 a6 7.Bd3 Nf6 8.O-O Ne5
9.h3 Bc5 10.Qe2 d6 11.f4 Ng6 12.Nb3 Bxe3+ 13.Qxe3 O-O 14.a4 b6 15.Nd2 Rb8
16.Rae1 Bb7 17.Nc4 Nd7 18.Kh2 Ba8 19.Nd2 Bb7 20.Nf3 Qc5 21.Qd2 Nf6 22.Ng5 e5
23.f5 Nf4 24.Ne2 Nxe2 25.Qxe2 a5 26.Nf3 Rfe8 27.Nd2 d5 28.b3 Rbd8 29.Qf2 Qxf2
30.Rxf2 dxe4 31.Bb5 e3 32.Rxe3 Nd5 33.Re1 Re7 34.Ne4 Nf6 35.Rd2 Rxd2 36.Nxd2 Bd5
37.Nc4 Bxc4 38.Bxc4 Rc7 39.g4 h6 40.Rd1 Kf8 41.Kg2 Re7 42.Kf3 Rc7 43.h4 Ke7
44.Re1 Rc5 45.g5 hxg5 46.hxg5 Ne8 47.Bd3 Nd6 48.c4 Kd7 49.Be4 Nxe4 50.Kxe4 f6
51.Rh1 Rc7 52.c5 Rxc5 53.Rh7 fxg5 54.Rxg7+ Kd6 55.Rg6+ Kc7 56.f6 Kd6 57.f7+ Ke7
58.Rf6 Kf8 59.Kf5 g4 60.Kxg4 Rc3 61.Rxb6 Kxf7 62.Kf5 Re3 63.Rb7+ Ke8 64.Ke6 Kd8
65.Kd5 e4 66.Rb5 Re1 67.Kd4 e3 68.Kd3  1-0

[Event "POL-ch+"]
[Site "?"]
[Date "1986.??.??"]
[Round "6"]
[White "Sznapik, Aleksander"]
[Black "Flis, Jacek"]
[Result "0-1"]
[WhiteElo "2425"]
[BlackElo "2305"]

1.e4 c5 2.Nf3 e6 3.d4 cxd4 4.Nxd4 Nc6 5.Nc3 Qc7 6.Be2 a6 7.O-O Nf6 8.Be3 Bb4
9.Nxc6 bxc6 10.Na4 O-O 11.Nb6 Rb8 12.Nxc8 Rfxc8 13.Bxa6 Rf8 14.Bd3 Bd6 15.h3 Rxb2
16.Bd4 Rbb8 17.Bxf6 gxf6 18.Qg4+ Kh8 19.Qh4 Be5 20.Rae1 Rg8 21.f4 Bd4+ 22.Kh1 Rg7
23.Qh5 c5 24.e5 f5 25.Rb1 Rbg8 26.Be2 Rxg2 27.Qxf7 Bxe5 28.Bg4 Rxc2 29.Bf3 Bd4
30.Bb7 Qd8 31.Qh5 d5 32.Bc6 Rgg2  0-1

[Event "POL-ch"]
[Site "?"]
[Date "1986.??.??"]
[Round "13"]
[White "Kuczynski, Robert"]
[Black "Tomaszewski, Roman"]
[Result "1/2-1/2"]
[WhiteElo "2410"]
[BlackElo "2390"]

1.e4 c5 2.Nf3 e6 3.d4 cxd4 4.Nxd4 Nc6 5.Nc3 Qc7 6.Be2 a6 7.O-O Nf6 8.Be3 Bb4
9.Nxc6 bxc6 10.Qd4 c5 11.Qc4 Bb7 12.Bf3 Qe5 13.Na4 Nxe4 14.c3 Ba5 15.Nxc5 Nxc5
16.Qxc5 Qxc5 17.Bxc5 Bxf3 18.gxf3 d5 19.Rfe1 Rb8 20.b4 Bb6 21.c4 Bxc5 22.bxc5 dxc4
23.Rac1 Ke7 24.Rxc4 Rhc8 25.Rec1 Rc6 26.f4 Rb2 27.Ra4 Rb5 28.Kg2 Kf6 29.Kg3 h5
30.Rc2 Kf5 31.Rac4 Rb8 32.Rd2 Rb7 33.Rd8 Rbc7 34.Ra4 g6 35.Rd2 Rxc5 36.Rxa6 Rc2
37.Ra5+ R2c5 38.Rxc5+ Rxc5 39.Rd4 Rc3+ 40.f3 h4+ 41.Kxh4 Rxf3 42.a4 Ra3 43.Rb4 Ra2
44.Kg3 Ra3+ 45.Kg2 Kg4 46.h3+ Kf5 47.Rc4 f6 48.Rb4 g5 49.fxg5 Kxg5 50.h4+ Kf5
51.h5 Kg5 52.Rb6 e5 53.Ra6 Ra2+ 54.Kg1 Rc2 55.a5 Rc7 56.Rb6 Rc4 57.a6 Rg4+
58.Kf2 Kxh5 59.Rxf6 Ra4  1/2-1/2

[Event "POL-chT"]
[Site "Porabka"]
[Date "1986.??.??"]
[Round "?"]
[White "Hanasz, Waldemar"]
[Black "Kruszynski, Wlodzimierz"]
[Result "1-0"]
[WhiteElo "2260"]
[BlackElo "2360"]

1.e4 c5 2.Nf3 e6 3.d4 cxd4 4.Nxd4 Nc6 5.Nc3 a6 6.Nxc6 bxc6 7.e5 Qc7 8.f4 d5
9.exd6 Bxd6 10.Qg4 f5 11.Qh5+ g6 12.Qf3 Nf6 13.Bc4 O-O 14.Bd2 Kg7 15.O-O-O Rb8
16.Rhe1 Re8 17.b3 c5 18.g3 Bd7 19.Kb1 Rb6 20.Bc1 Kf7 21.Bb2 Bf8 22.h3 Bg7
23.g4 Bc6 24.Qe2 Ne4 25.Nxe4 Bxe4 26.gxf5 Bxf5 27.Bxg7 Kxg7 28.Qe3 Kf7 29.Rd5 Rc6
30.h4 h5 31.Re5 Qd6 32.Be2 Rd8 33.Bf3 Rc7 34.Be4 Bg4 35.Rf1 Qd4 36.Qc1 Qc3
37.Rg5 Bf5 38.Bxf5 exf5 39.Rfg1 Rc6 40.Qf1 Rd2 41.Qc1 Rcd6 42.R5g2 Rxg2 43.Rxg2 c4
44.Rg1 Qd4 45.Qf1 c3 46.a4 Rb6 47.Rg3 Rb4 48.Rd3 Qxf4 49.Rd7+ Ke6 50.Qd1 Qe5
51.Ra7 Rd4 52.Qg1 Rd6 53.Qxg6+ Kd5 54.Qf7+ Qe6 55.Qb7+ Kc5 56.Qc7+ Kd4 57.Rb7 Rc6
58.Rb4+ Kd5 59.Qa5+ Rc5 60.Qd8+ Qd6 61.Rd4+ Kxd4 62.Qxd6+ Rd5 63.Qf4+  1-0

[Event "POL-chT"]
[Site "Porabka"]
[Date "1986.??.??"]
[Round "?"]
[White "Kowalska, Elzbieta"]
[Black "Sikora Gizynska, Bozena"]
[Result "0-1"]
[WhiteElo "1925"]
[BlackElo "2075"]

1.e4 c5 2.Nf3 e6 3.d4 cxd4 4.Nxd4 Nc6 5.Nc3 a6 6.Be3 Qc7 7.Be2 Nf6 8.f4 d6
9.Qd2 Be7 10.O-O-O Bd7 11.g4 Nxd4 12.Qxd4 O-O 13.g5 Ne8 14.Qd2 b5 15.Bd3 Qb7
16.Ne2 Bc6 17.Ng3 d5 18.exd5 Bxd5 19.Rhg1 Nd6 20.Nh5 Rfc8 21.Nf6+ Bxf6 22.gxf6 g6
23.Bd4 Be4 24.Qf2 Nf5 25.Be5 Rd8 26.Bxe4 Qxe4 27.Rxd8+ Rxd8 28.Rd1 Rxd1+
29.Kxd1 Ne3+ 30.Kc1 Qh1+ 31.Kd2 Nc4+ 32.Kc3 Qc6 33.Kd3 Qd5+ 34.Bd4 Nxb2+
35.Kc3 Nd1+  0-1

[Event "POL-chT"]
[Site "Porabka"]
[Date "1986.??.??"]
[Round "?"]
[White "Hanasz, Waldemar"]
[Black "Doda, Zbigniew"]
[Result "0-1"]
[WhiteElo "2260"]
[BlackElo "2350"]

1.e4 c5 2.Nf3 e6 3.d4 cxd4 4.Nxd4 Nc6 5.Nc3 a6 6.Nxc6 bxc6 7.e5 Qc7 8.f4 d5
9.exd6 Bxd6 10.Qg4 Kf8 11.Qf3 Bb7 12.Bd3 Nf6 13.O-O h5 14.Ne4 c5 15.c4 Be7
16.Qe2 Rd8 17.Nxf6 Bxf6 18.f5 Qc6 19.Bc2 Bd4+ 20.Kh1 e5 21.Re1 f6 22.Qf1 h4
23.h3 Qd7 24.Qe2 g6 25.Qg4 gxf5 26.Bxf5 Qg7 27.Qe2 Qg3 28.Be4 Bc8 29.Rf1 Ke7
30.Bf3 Qg7 31.Rb1 Rhf8 32.Qc2 f5 33.Bh5 Bb7 34.Re1 Qg3 35.Bh6 Rf6  0-1

[Event "POL-chT"]
[Site "Porabka"]
[Date "1986.??.??"]
[Round "?"]
[White "Kruszynski, Wlodzimierz"]
[Black "Doda, Zbigniew"]
[Result "1/2-1/2"]
[WhiteElo "2360"]
[BlackElo "2350"]

1.e4 c5 2.Nf3 e6 3.d4 cxd4 4.Nxd4 Nc6 5.Nc3 a6 6.Nxc6 bxc6 7.e5 Qc7 8.f4 d6
9.exd6 Bxd6 10.Ne4 Be7 11.Bd3 Nf6 12.O-O Bb7 13.Qe2 O-O 14.c4 c5 15.Ng5 Bd6
16.Bd2 h6 17.Ne4 Nxe4 18.Bxe4 Bxe4 19.Qxe4 Rae8 20.Bc3 f5 21.Qf3 Be7 22.Rfe1 Bf6
23.Bxf6 Rxf6 24.Re5 Rd8 25.Qe3 Rd4 26.Rxe6 Qxf4 27.Qxf4 Rxf4 28.Rxf6 gxf6
29.Rc1 Rd4 30.Rc2 Kf7 31.b3 a5 32.Kf2 Ke6 33.Re2+ Kd6 34.Kf3 a4 35.Re8 Kd7
36.Ra8 axb3 37.axb3  1/2-1/2

[Event "POL-chT"]
[Site "Porabka"]
[Date "1986.??.??"]
[Round "?"]
[White "Kurlenda, Adam"]
[Black "Kardys, Zbigniew"]
[Result "1-0"]
[WhiteElo "2235"]
[BlackElo "2245"]

1.e4 c5 2.Nf3 e6 3.d4 cxd4 4.Nxd4 Nc6 5.Nc3 a6 6.g3 Nge7 7.Nb3 Na5 8.Bg2 Nec6
9.O-O Be7 10.Nxa5 Qxa5 11.Bf4 Ne5 12.Nd5 d6 13.Bd2 Qd8 14.Nxe7 Kxe7 15.b3 b5
16.f4 Qb6+ 17.Kh1 Nc6 18.Qf3 Bb7 19.Be3 Qc7 20.Rad1 f6 21.Qf2 Kf7 22.Bb6 Qe7
23.Qd2 Rhc8 24.c3 Nb8 25.e5 dxe5 26.fxe5 Bxg2+ 27.Qxg2 Nd7 28.exf6 Nxf6 29.Rde1 Kg8
30.Bd4 Re8 31.Re2 Rac8 32.g4 Nd5 33.Qg3 Qb7 34.Qg2 Qd7 35.Rd2 Qc7 36.Rdf2 Nxc3
37.Rf7 Re7 38.Rxe7 Qxe7 39.Bxc3 Rxc3 40.Qa8+  1-0

[Event "POL-chT"]
[Site "Porabka"]
[Date "1986.??.??"]
[Round "?"]
[White "Rakowiecki, Tomasz"]
[Black "Doda, Zbigniew"]
[Result "1/2-1/2"]
[WhiteElo "2310"]
[BlackElo "2350"]

1.e4 c5 2.Nf3 e6 3.d4 cxd4 4.Nxd4 Nc6 5.Nc3 a6 6.Be2 d6 7.Be3 Nf6 8.O-O Be7
9.f4 O-O 10.a4 Qc7 11.Kh1 Re8 12.Bd3 Nb4 13.a5 Bd7 14.Nb3 Bc6 15.Bb6 Qb8
16.Qe2 Nxd3 17.cxd3 e5 18.fxe5 dxe5 19.Nd2 Qc8 20.Nc4 Qe6 21.Ne3 Bd8 22.Bxd8 Raxd8
23.Rf3 Rf8 24.Raf1 Ne8 25.Rh3 g6  1/2-1/2

[Event "POL-chT"]
[Site "Porabka"]
[Date "1986.??.??"]
[Round "?"]
[White "Rakowiecki, Tomasz"]
[Black "Kruszynski, Wlodzimierz"]
[Result "1-0"]
[WhiteElo "2310"]
[BlackElo "2360"]

1.e4 c5 2.Nf3 e6 3.d4 cxd4 4.Nxd4 Nc6 5.Nc3 a6 6.Be2 d6 7.Be3 Nf6 8.f4 Be7
9.Qd2 Qc7 10.O-O-O Nxd4 11.Bxd4 e5 12.Be3 b5 13.fxe5 dxe5 14.Nd5 Nxd5 15.exd5 Bf5
16.Bd3 Bxd3 17.Qxd3 Rc8 18.Kb1 Bd6 19.g4 O-O 20.h4 Rfe8 21.h5 e4 22.Qd2 Red8
23.Qg2 Bf4 24.Rhe1 Re8 25.Rd4 Bg3 26.Red1 Bd6 27.Rxe4 Rxe4 28.Qxe4 Qd7 29.h6 Re8
30.Qf3 Be5 31.hxg7 Bxg7 32.d6 Qe6 33.Bb6 Qd7 34.a3 Bf8 35.Bc5 Rc8 36.Bb4 Rc4
37.Qf5 Qd8 38.Rf1 Qe8 39.d7  1-0

[Event "POL-chT"]
[Site "Porabka"]
[Date "1986.??.??"]
[Round "?"]
[White "Rakowiecki, Tomasz"]
[Black "Ksieski, Zbigniew"]
[Result "1/2-1/2"]
[WhiteElo "2310"]
[BlackElo "2385"]

1.e4 c5 2.Nf3 e6 3.d4 cxd4 4.Nxd4 Nc6 5.Nc3 Qc7 6.Be2 a6 7.O-O Nf6 8.Kh1 Nxd4
9.Qxd4 Bc5 10.Qd3 b5 11.f4 b4 12.Na4 Be7 13.Bf3 Bb7 14.c4 O-O 15.b3 d5  1/2-1/2

[Event "POL-chT"]
[Site "Porabka"]
[Date "1986.??.??"]
[Round "?"]
[White "Erenska Radzewska, Hanna"]
[Black "Bos Swiecik, Iwona"]
[Result "1/2-1/2"]
[WhiteElo "2195"]
[BlackElo "2100"]

1.e4 c5 2.Nc3 Nc6 3.Nge2 e6 4.d4 cxd4 5.Nxd4 Nf6 6.a3 a6 7.f4 Bc5 8.Nb3 Ba7
9.Qf3 d5 10.e5 Nd7 11.Nd1 O-O 12.Bd3 f6 13.Qh3 g6 14.Qxe6+ Kg7 15.Qxd5 fxe5
16.Be3 Bxe3 17.Nxe3 exf4 18.Nf1 Qe7+ 19.Kd2 Nf6 20.Qf3 Qd6 21.Re1 Bg4 22.Qf2 Rad8
23.Qc5 Qc7 24.Kc1 Rd5 25.Qc3 Qd7 26.Nc5 Qc8 27.Nd2 Ne5 28.Nce4 Qxc3 29.Nxc3 Rd7
30.Nc4 Nc6 31.h3 Bf5 32.Nb6 Rd6 33.Bxf5 gxf5 34.Rhf1 Nh5 35.Nbd5 Rg6 36.Rf2 Rf7  1/2-1/2

[Event "POL-chT"]
[Site "Porabka"]
[Date "1986.??.??"]
[Round "?"]
[White "Brustman, Agnieszka"]
[Black "Erenska Radzewska, Hanna"]
[Result "1/2-1/2"]
[WhiteElo "1935"]
[BlackElo "2195"]

1.e4 c5 2.Nf3 e6 3.d4 cxd4 4.Nxd4 Nc6 5.Nc3 a6 6.Be2 Qc7 7.O-O Nf6 8.Kh1 Be7
9.f4 d6 10.Be3 O-O 11.Qe1 Bd7 12.a4  1/2-1/2

[Event "POL-chT"]
[Site "Porabka"]
[Date "1986.??.??"]
[Round "?"]
[White "Bos Swiecik, Iwona"]
[Black "Sikora Gizynska, Bozena"]
[Result "1-0"]
[WhiteElo "2100"]
[BlackElo "2075"]

1.e4 c5 2.Nf3 e6 3.d4 cxd4 4.Nxd4 Nc6 5.Nc3 Qc7 6.Be3 Nf6 7.Be2 a6 8.O-O Bb4
9.Nxc6 bxc6 10.Na4 O-O 11.Nb6 Rb8 12.Nxc8 Rfxc8 13.Bxa6 Rf8 14.Bd3 Bd6 15.h3 Be5
16.c3 Rxb2 17.Qc1 Qb7 18.f4 Bc7 19.Rb1 Rb8 20.Rxb2 Qxb2 21.Qxb2 Rxb2 22.Rf2 Rb8
23.c4 e5 24.fxe5 Bxe5 25.Bf4 Re8 26.Bxe5 Rxe5 27.Rf5 d6 28.Rxe5 dxe5 29.a4 c5
30.a5 Nd7 31.Bc2 Kf8 32.Ba4 Ke7 33.Kf2 Kd6 34.Kf3 Kc7 35.Kg4 Nb8 36.Kf5 f6
37.Bb5 Kb7 38.Ke6 Na6 39.Kd5 Nb4+ 40.Kxc5 Na2 41.Kd6 Nc3 42.Bc6+ Ka6 43.Ke6 Kxa5
44.Kf7 Kb6 45.Bd5 f5 46.exf5 Nxd5 47.cxd5 e4 48.Kxg7 e3 49.f6 e2 50.f7 e1=Q
51.f8=Q Qg3+ 52.Kxh7 Qd3+ 53.Kh6 Qd2+ 54.Kh7 Qd3+ 55.Kh8 Qd4+ 56.Qg7 Qxd5
57.g4 Kb5 58.Qf6 Kb4 59.g5 Qa8+ 60.Kh7 Qb7+ 61.Qg7 Qf3 62.Qe7+ Ka4 63.Qd7+ Ka3
64.g6 Qh5+ 65.Kg7 Qe5+ 66.Kg8 Qb8+ 67.Kh7 Qf4 68.Qe7+ Kb2 69.h4 Qf3 70.Qe5+ Kb1
71.g7  1-0

[Event "POL-chT"]
[Site "Porabka"]
[Date "1986.??.??"]
[Round "?"]
[White "Sznapik, Aleksander"]
[Black "Tomaszewski, Roman"]
[Result "1-0"]
[WhiteElo "2425"]
[BlackElo "2390"]

1.e4 c5 2.Nf3 e6 3.d4 cxd4 4.Nxd4 Nc6 5.Nc3 Qc7 6.Be2 a6 7.O-O Nf6 8.Kh1 Bb4
9.Nxc6 bxc6 10.f4 d5 11.e5 Bxc3 12.bxc3 Ne4 13.Bd3 c5 14.Qe1 Bb7 15.Be3 O-O
16.Rb1 Rfd8 17.Qh4 d4 18.cxd4 cxd4 19.Bc1 Bd5 20.Ba3 h6 21.Rbe1 Nc5 22.Bxc5 Qxc5
23.f5 exf5 24.Rxf5 Re8 25.Ref1 Ra7 26.Qf4 Qc6 27.Rf2 Rb7 28.h3 Re6 29.Rxf7 Qe8  1-0

[Event "POL-chT"]
[Site "Porabka"]
[Date "1986.??.??"]
[Round "?"]
[White "Sznapik, Aleksander"]
[Black "Filipowicz, Andrzej"]
[Result "0-1"]
[WhiteElo "2425"]
[BlackElo "2370"]

1.e4 c5 2.Nf3 e6 3.d4 cxd4 4.Nxd4 Nc6 5.Nc3 a6 6.Be2 Qc7 7.O-O Nf6 8.Be3 Be7
9.f4 d6 10.Kh1 Bd7 11.Qe1 b5 12.a3 Rc8 13.Rd1 Nxd4 14.Bxd4 e5 15.Be3 Bc6
16.Qg3 O-O 17.fxe5 dxe5 18.Bh6 Ne8 19.Nd5 Bxd5 20.Rxd5 Qxc2 21.Bg4 Rc6 22.Rc1 Qxe4
23.Rxe5 Rxc1+ 24.Bxc1 Qc4 25.Re1 Bd6 26.Qh3 Nf6 27.Bf3 Re8 28.Rd1 Qd4 29.Rf1 Qf2
30.g3 Qd4 31.Qg2 h5 32.Bg5 Ng4 33.h3 Ne3 34.Bxe3 Rxe3 35.Rd1 Qf6 36.Rf1 Qe5
37.g4 h4 38.Rd1  0-1

[Event "FIN-ch"]
[Site "Pori"]
[Date "1986.??.??"]
[Round "?"]
[White "Ebeling, Mika"]
[Black "Pyhala, Antti"]
[Result "1/2-1/2"]
[WhiteElo "2275"]
[BlackElo "2340"]

1.e4 c5 2.Nf3 e6 3.d4 cxd4 4.Nxd4 Nc6 5.Nc3 Qc7 6.f4 a6 7.Be2 Nxd4 8.Qxd4 Ne7
9.Qf2 b5 10.a3 Bb7 11.O-O Ng6 12.Be3 Be7 13.Bd3 O-O 14.e5 d6 15.exd6 Bxd6
16.Ne4 Be7 17.f5 exf5 18.Qxf5 Qe5 19.Qxe5 Nxe5 20.Nc5 Bc6 21.Rfe1 Rfe8 22.Be4 Bxe4
23.Nxe4 Rac8 24.Bd4 Bf8 25.Re2 Nc6 26.Bf2 f5 27.Ng3 Rxe2 28.Nxe2 Ne5 29.c3 Nd3
30.Rb1 Nxf2 31.Kxf2 Bc5+ 32.Ke1 Rd8 33.Ng3 f4 34.Nf1 Kf7 35.Rd1 Re8+ 36.Kd2 g5
37.h3 h5 38.Re1 Rd8+ 39.Kc2 Kf6 40.Nd2 Kf5 41.a4 g4 42.hxg4+ hxg4 43.axb5 axb5
44.Rh1 Be3 45.Nf1 Kg5 46.g3 Bf2 47.gxf4+ Kxf4 48.Rh5 Re8 49.Rxb5 Re1 50.Rb4+ Kf5
51.Rb5+ Kf6 52.Rb4 Kf5 53.Rb5+ Kg6 54.Kd2  1/2-1/2

[Event "CSR-ch"]
[Site "Prague"]
[Date "1986.??.??"]
[Round "4"]
[White "Mokry, Karel"]
[Black "Plachetka, Jan"]
[Result "1/2-1/2"]
[WhiteElo "2490"]
[BlackElo "2430"]

1.e4 c5 2.Nf3 Nc6 3.d4 cxd4 4.Nxd4 e6 5.Nc3 a6 6.Be2 Qc7 7.O-O Nf6 8.Be3 Bb4
9.Na4 O-O 10.Nxc6 bxc6 11.Nb6 Rb8 12.Nxc8 Rbxc8 13.Bxa6  1/2-1/2

[Event "CSR-ch"]
[Site "Prague"]
[Date "1986.??.??"]
[Round "12"]
[White "Trapl, Jindrich"]
[Black "Banas, Jan"]
[Result "1/2-1/2"]
[WhiteElo "2340"]
[BlackElo "2395"]

1.e4 c5 2.Nf3 e6 3.d4 cxd4 4.Nxd4 Nc6 5.Nc3 a6 6.g3 d6 7.Bg2 Bd7 8.O-O Nf6
9.h3 Be7 10.Be3 Qc7 11.Qe2 b5 12.a3 O-O 13.g4  1/2-1/2

[Event "CSR-ch"]
[Site "Prague"]
[Date "1986.??.??"]
[Round "13"]
[White "Prandstetter, Eduard"]
[Black "Mokry, Karel"]
[Result "1/2-1/2"]
[WhiteElo "2450"]
[BlackElo "2490"]

1.e4 c5 2.Nf3 e6 3.d4 cxd4 4.Nxd4 Nc6 5.Nc3 Qc7 6.Be2 a6 7.f4 d6 8.f5 Nf6
9.fxe6 fxe6 10.Be3 Be7 11.O-O O-O 12.Kh1 Ne5 13.Bg1 Bd7 14.Qe1 b5 15.Bd3 Nfg4
16.Qe2 Rxf1 17.Rxf1 Rf8 18.Rxf8+ Bxf8 19.h3 Nxd3 20.cxd3 Ne5 21.Bh2 b4 22.Nd1 Qa5
23.b3 Qc5 24.Bg1 Qc1 25.Bh2 Qc5 26.Bg1 Qc1 27.Bh2 Qc5  1/2-1/2

[Event "Reggio Emilia8687"]
[Site "Reggio Emilia"]
[Date "1986.??.??"]
[Round "?"]
[White "Velimirovic, Dragoljub"]
[Black "Ribli, Zoltan"]
[Result "1/2-1/2"]
[WhiteElo "2570"]
[BlackElo "2585"]

1.e4 c5 2.Nf3 e6 3.d4 cxd4 4.Nxd4 Nc6 5.Nc3 Qc7 6.g3 a6 7.Bg2 Nf6 8.O-O Be7
9.Re1 O-O 10.Nxc6 dxc6 11.e5 Rd8 12.Qf3 Nd5 13.h4 Nxc3 14.Qxc3 Bd7 15.Bg5 Be8
16.Re4 c5 17.Rg4 Bxg5 18.hxg5 Rac8  1/2-1/2